|
|
|
|
| LEADER |
00000cam a2200000 7i4500 |
| 001 |
0000001772 |
| 005 |
20240924.0 |
| 008 |
991126 ii a eng |
| 020 |
|
|
|a 0070964645
|
| 040 |
|
|
|a INS
|b eng
|c INS
|e rda
|
| 090 |
0 |
0 |
|a PE1475
|b .C649 1979
|
| 100 |
1 |
|
|a Jayatillee , C. L. V. ,
|e author
|
| 245 |
1 |
0 |
|a Technical report writing
|c C.L.V. Jayatillee, S. Sivaegaram
|
| 264 |
|
1 |
|a New Delhi :
|b Tata McGraw-Hill Publishing Company Limited
|c 1979
|
| 264 |
|
4 |
|c ©1979
|
| 300 |
|
|
|a 134 pages :
|b illustrations ;
|c 24 cm.
|
| 336 |
|
|
|a text
|2 rdacontent
|
| 337 |
|
|
|a unmediated
|2 rdamedia
|
| 338 |
|
|
|a volume
|2 rdacarrier
|
| 500 |
|
|
|a Includes index
|
| 650 |
|
0 |
|a Penmanship
|x Remedical teaching
|x Description
|x Guide books
|
| 650 |
|
0 |
|a Writing
|x Description
|x Guide Books
|
| 700 |
1 |
|
|a Sivaegaram, S. ,
|e author
|
| 999 |
|
|
|a 0000001526
|b BOOK
|c Open Shelf
|e Default branch
|